00872 a2200217 450000500170000000800410001702000180005804000500007604100080012624501330013426000560026730000180032349000540034165000130039565000340040865000390044265000370048170000520051870000510057071000330062120171003105826.0170918s2016 ck |||||r|||| 00| 0 spa d a9789588920214 aCO-BoUCMbspacSandra PalaciodSandra Palacio0 aspa00aReflexiones jurídicas y sociojurídicas contemporáneascDiego Fernando Tarapués Sandino, Adriana María Buitrago Escobar bUniversidad Santiago de CaliaCali (Colombia)c2016 a121 páginas0 aAéquitas. Colección de la facultad de derecho17aDerecho 27aMedio ambiente xProtección27aCambio climático xLegislación27aJusticia transicional zColombia1 aTarapués Sandino, Diego Fernandoecoordinador1 aBuitrago Escobar, Adriana Maríaecoordinador1 aUniversidad Santiago de CAli